000 00438nam a2200157Ia 4500
999 _c6040
_d6040
020 _a9780195693355
082 _a304.85484 LEO-L
100 _aLeonard, Karen Isaksen
245 0 _aLocating home: India's Hyderabadis abroad
260 _aNew Delhi
_bOxford University Press
_c2007
300 _axi, 402
504 _aincludes bibliography and index
650 _aEmigration and immigration
650 _aCulture
_zHyderabad
942 _cBK